| 000 | 00572 a2200193 4500 | ||
|---|---|---|---|
| 001 | 61625 | ||
| 005 | 20260407155906.0 | ||
| 008 | 260407a1971 arg spa d | ||
| 003 | AR-UNSa-BCEJYS | ||
| 040 |
_aAR-UNSa-BCEJYS _bspa _cAR-UNSa-BCEJYS |
||
| 080 |
_a347.44 _xContratos en general. Obligaciones |
||
| 245 | 1 | 0 |
_aTeoría de los contratos _pParte general |
| 264 | 1 |
_aBuenos Aires : _bVíctor P. de Zavalía _c1971 |
|
| 300 |
_a485 p. _c22 cm. |
||
| 041 | _aspa | ||
| 942 | _cBK | ||
| 590 | _aniveau_biblio:m niveau_hierar:0 | ||
| 100 | 1 | _aLópez de Zavalía, Fernando | |
| 999 |
_c7343 _d7343 |
||